| 000 | 00950nam a2200277Ia 4500 | ||
|---|---|---|---|
| 003 | OSt | ||
| 005 | 20220923231004.0 | ||
| 006 | a|||||r|||| 00| 0 | ||
| 007 | ta | ||
| 008 | 220922b |||||||| |||| 00| 0 san d | ||
| 020 | _c300 | ||
| 024 | _a349,416 | ||
| 037 |
_b370, 29/01/2019, Vidyanidhi Prakashan _cTextual |
||
| 040 |
_aARTS _cARTS _bsan |
||
| 041 |
_2san _asan |
||
| 082 | _aO15,1N43x, P9 | ||
| 100 | _aत्रिवेनी कवि, ले. | ||
| 245 | 0 | _aहविर्धानी | |
| 246 | _aHavirdhānī | ||
| 260 |
_aइलाहाबाद _b वैजयन्त प्रकाशन _c2009 |
||
| 300 |
_a134पृ0 _ccm. |
||
| 650 | _a संस्कृत साहित्य | ||
| 650 |
_aसंस्कृत कविता _9156350 |
||
| 942 |
_hO15,1N43x, P9 _cTEXL _2CC |
||
| 999 |
_c388637 _d388637 |
||